[Event "Asian Nations Cup"]
[Site "http://asianchess.com/live/mnations/anco/"]
[Date "2016.04.01"]
[Round "5"]
[Board "2"]
[White "Sethuraman, S.P."]
[Black "Wang, Yue"]
[Result "0-1"]
[WhiteElo "2658"]
[BlackElo "2718"]
[PlyCount "0"]
[EventDate "2016.03.28"]
[EventType "team"]
[EventRounds "9"]
[EventCountry "UAE"]
[WhiteTeam "India"]
[BlackTeam "China"]

1. e4 {[%clk 1:30:28]} e5 {[%clk 1:30:50]} 2. Nf3 {[%clk 1:30:38]} Nf6
{[%clk 1:31:15]} 3. Nxe5 {[%clk 1:30:58]} d6 {[%clk 1:31:41]} 4. Nf3
{[%clk 1:31:18]} Nxe4 {[%clk 1:32:06]} 5. Nc3 {[%clk 1:31:45]} Nxc3
{[%clk 1:31:51]} 6. dxc3 {[%clk 1:32:09]} Be7 {[%clk 1:32:19]} 7. Be3
{[%clk 1:32:32]} Nc6 {[%clk 1:32:40]} 8. Qd2 {[%clk 1:32:58]} Be6
{[%clk 1:31:00]} 9. O-O-O {[%clk 1:33:22]} Qd7 {[%clk 1:31:03]} 10. Kb1
{[%clk 1:33:46]} Bf6 {[%clk 1:30:19]} 11. h4 {[%clk 1:34:00]} O-O-O
{[%clk 1:18:12]} 12. Bg5 {[%clk 1:29:48]} Qe7 {[%clk 1:17:23]} 13. Qf4
{[%clk 1:30:12]} h6 {[%clk 1:17:32]} 14. Bxf6 {[%clk 1:30:33]} Qxf6
{[%clk 1:17:58]} 15. Qxf6 {[%clk 1:30:51]} gxf6 {[%clk 1:18:24]} 16. Be2
{[%clk 1:16:14]} Rde8 {[%clk 1:13:23]} 17. Rhe1 {[%clk 1:16:02]} Rhg8
{[%clk 1:13:26]} 18. Bf1 {[%clk 1:10:00]} Ne5 {[%clk 1:07:59]} 19. Nd4
{[%clk 1:10:01]} Bd7 {[%clk 1:08:11]} 20. Re3 {[%clk 0:59:43]} Ng4
{[%clk 0:57:22]} 21. Rf3 {[%clk 0:58:11]} f5 {[%clk 0:55:13]} 22. Bb5
{[%clk 0:35:50]} c6 {[%clk 0:52:28]} 23. Bd3 {[%clk 0:34:00]} Ne5
{[%clk 0:49:16]} 24. Nxf5 {[%clk 0:34:04]} Kc7 {[%clk 0:47:36]} 25. Nxh6
{[%clk 0:19:07]} Rxg2 {[%clk 0:47:27]} 26. Rf4 {[%clk 0:18:19]} Rh8
{[%clk 0:42:25]} 27. Nf5 {[%clk 0:15:09]} Bxf5 {[%clk 0:38:58]} 28. Rxf5
{[%clk 0:12:13]} Rxh4 {[%clk 0:39:19]} 29. a3 {[%clk 0:09:46]} Rgg4
{[%clk 0:31:20]} 30. Rf1 {[%clk 0:06:13]} Rf4 {[%clk 0:23:46]} 31. Rxf4
{[%clk 0:06:39]} Rxf4 {[%clk 0:24:12]} 32. Kc1 {[%clk 0:05:42]} d5
{[%clk 0:16:15]} 33. Kd2 {[%clk 0:05:47]} Kd6 {[%clk 0:16:42]} 34. Ke3
{[%clk 0:05:09]} Rf3+ {[%clk 0:16:18]} 35. Ke2 {[%clk 0:05:32]} c5
{[%clk 0:16:22]} 36. Rd1 {[%clk 0:02:36]} Rf4 {[%clk 0:15:14]} 37. Ke3
{[%clk 0:03:01]} Rh4 {[%clk 0:14:32]} 38. Be2 {[%clk 0:03:01]} b6
{[%clk 0:11:06]} 39. Rg1 {[%clk 0:02:06]} Ng6 {[%clk 0:10:14]} 40. Bf3
{[%clk 0:00:47]} d4+ {[%clk 0:07:23]} 41. cxd4 {[%clk 0:00:41]} cxd4+
{[%clk 0:07:48]} 42. Ke2 {[%clk 0:26:50]} Ne5 {[%clk 0:37:52]} 43. Rg8
{[%clk 0:25:29]} Rf4 {[%clk 0:31:59]} 44. Bh1 {[%clk 0:25:00]} Nc4
{[%clk 0:30:46]} 45. Ra8 {[%clk 0:24:12]} Nxb2 {[%clk 0:29:42]} 46. Rxa7
{[%clk 0:24:29]} Na4 {[%clk 0:29:33]} 47. Ra8 {[%clk 0:20:25]} Nc3+
{[%clk 0:29:11]} 48. Kd3 {[%clk 0:19:38]} Nd1 {[%clk 0:27:31]} 49. Ke2
{[%clk 0:11:19]} Nxf2 {[%clk 0:27:31]} 50. Bf3 {[%clk 0:10:01]} Nh3
{[%clk 0:26:59]} 51. Rd8+ {[%clk 0:09:03]} Kc7 {[%clk 0:25:10]} 52. Rg8
{[%clk 0:09:24]} Rf6 {[%clk 0:25:35]} 53. Bg4 {[%clk 0:06:48]} Nf4+
{[%clk 0:25:57]} 54. Kf3 {[%clk 0:06:54]} Ng6+ {[%clk 0:25:38]} 55. Kg3
{[%clk 0:02:54]} Ne5 {[%clk 0:25:04]} 56. Rc8+ Kb7 57. Rd8 Rg6 58. Rxd4 Kc6 59.
Kh3 Kc5 60. Rf4 Rxg4 61. Rxg4 Nxg4 62. Kxg4 Kd4 63. Kf5 Ke5+ 0-1

[Event "Asian Nations Cup"]
[Site "http://asianchess.com/live/mnations/anco/"]
[Date "2016.04.01"]
[Round "5"]
[Board "1"]
[White "Gundavaa, Bayarsaikhan"]
[Black "Darini, Pouria"]
[Result "0-1"]
[WhiteElo "2517"]
[BlackElo "2496"]
[PlyCount "0"]
[EventDate "2016.03.28"]
[EventType "team"]
[EventRounds "9"]
[EventCountry "UAE"]
[WhiteTeam "Mongolia"]
[BlackTeam "Iran"]

1. e4 {[%clk 1:30:55]} c5 {[%clk 1:30:19]} 2. Nf3 {[%clk 1:31:19]} d6
{[%clk 1:30:35]} 3. Bb5+ {[%clk 1:31:09]} Nd7 {[%clk 1:30:47]} 4. c3
{[%clk 1:31:22]} Ngf6 {[%clk 1:30:49]} 5. Qe2 {[%clk 1:31:46]} a6
{[%clk 1:31:05]} 6. Ba4 {[%clk 1:32:01]} g6 {[%clk 1:30:21]} 7. d4
{[%clk 1:29:34]} Qa5 {[%clk 1:30:24]} 8. Bxd7+ {[%clk 1:16:05]} Bxd7
{[%clk 1:30:14]} 9. d5 {[%clk 1:15:33]} Bb5 {[%clk 1:16:08]} 10. Qc2
{[%clk 1:04:55]} Qa4 {[%clk 1:04:12]} 11. Qxa4 {[%clk 1:04:25]} Bxa4
{[%clk 1:04:40]} 12. b3 {[%clk 1:04:10]} Bd7 {[%clk 1:04:39]} 13. Nbd2
{[%clk 1:04:07]} Bg7 {[%clk 1:04:21]} 14. Bb2 {[%clk 1:03:21]} Nh5
{[%clk 0:50:07]} 15. g3 {[%clk 0:37:50]} O-O {[%clk 0:49:41]} 16. O-O-O
{[%clk 0:29:42]} f5 {[%clk 0:47:59]} 17. Ng5 {[%clk 0:27:46]} h6 {[%clk 0:42:23]}
18. Ne6 {[%clk 0:21:02]} Bxe6 {[%clk 0:42:33]} 19. dxe6 {[%clk 0:21:27]} fxe4
{[%clk 0:42:55]} 20. Rhf1 {[%clk 0:17:01]} Nf6 {[%clk 0:33:11]} 21. h3
{[%clk 0:12:36]} e3 {[%clk 0:25:16]} 22. fxe3 {[%clk 0:13:01]} Nd5
{[%clk 0:25:40]} 23. Nc4 {[%clk 0:11:20]} Rxf1 {[%clk 0:21:46]} 24. Rxf1
{[%clk 0:11:44]} Rf8 {[%clk 0:22:13]} 25. Rxf8+ {[%clk 0:09:14]} Kxf8
{[%clk 0:22:26]} 26. e4 {[%clk 0:08:53]} Nc7 {[%clk 0:21:54]} 27. e5
{[%clk 0:08:19]} d5 {[%clk 0:17:23]} 28. Nb6 {[%clk 0:08:04]} Ke8
{[%clk 0:15:30]} 29. Ba3 {[%clk 0:05:21]} Bxe5 {[%clk 0:09:57]} 30. Bxc5
{[%clk 0:05:09]} Bxg3 {[%clk 0:08:48]} 31. Be3 {[%clk 0:05:19]} g5
{[%clk 0:08:23]} 32. Kd2 {[%clk 0:04:35]} Be5 {[%clk 0:04:55]} 33. Kd3
{[%clk 0:04:05]} Bd6 {[%clk 0:02:54]} 34. a4 {[%clk 0:01:05]} Kf8
{[%clk 0:03:21]} 35. Bc5 {[%clk 0:00:36]} Nxe6 {[%clk 0:00:46]} 36. Bxd6
{[%clk 0:00:57]} exd6 {[%clk 0:01:14]} 37. Nxd5 {[%clk 0:01:12]} Nc5+
{[%clk 0:01:00]} 38. Kc4 {[%clk 0:01:18]} Kf7 {[%clk 0:01:09]} 39. a5
{[%clk 0:01:21]} Ke6 {[%clk 0:01:04]} 40. Ne3 {[%clk 0:00:38]} Ne4
{[%clk 0:00:46]} 41. b4 {[%clk 0:17:37]} Nf2 {[%clk 0:23:20]} 42. b5
{[%clk 0:14:03]} Nxh3 {[%clk 0:22:39]} 43. bxa6 {[%clk 0:14:27]} bxa6
{[%clk 0:23:01]} 44. Nd5 {[%clk 0:14:54]} g4 {[%clk 0:22:22]} 45. Kd4
{[%clk 0:13:04]} g3 {[%clk 0:22:36]} 0-1

[Event "Asian Nations Cup"]
[Site "http://asianchess.com/live/mnations/anco/"]
[Date "2016.04.01"]
[Round "5"]
[Board "1"]
[White "Mohammed, Zozek Salah Mohammed"]
[Black "Murshed, Niaz"]
[Result "0-1"]
[WhiteElo "2256"]
[BlackElo "2446"]
[PlyCount "0"]
[EventDate "2016.03.28"]
[EventType "team"]
[EventRounds "9"]
[EventCountry "UAE"]
[WhiteTeam "Iraq"]
[BlackTeam "Bangladesh"]

1. d4 {[%clk 1:30:58]} Nf6 {[%clk 1:29:51]} 2. c4 {[%clk 1:31:17]} e6
{[%clk 1:30:12]} 3. Nc3 {[%clk 1:31:37]} Bb4 {[%clk 1:29:34]} 4. e3
{[%clk 1:32:01]} c5 {[%clk 1:28:30]} 5. Nge2 {[%clk 1:32:27]} d6 {[%clk 1:09:12]}
6. a3 {[%clk 1:32:37]} Ba5 {[%clk 1:09:04]} 7. Ng3 {[%clk 1:23:03]} O-O
{[%clk 1:05:07]} 8. Bd3 {[%clk 1:23:10]} Nc6 {[%clk 1:03:37]} 9. O-O
{[%clk 1:22:59]} Bxc3 {[%clk 0:54:21]} 10. bxc3 {[%clk 1:23:27]} b6
{[%clk 0:53:59]} 11. f3 {[%clk 1:18:47]} Ba6 {[%clk 0:52:03]} 12. Bb2
{[%clk 1:17:09]} Na5 {[%clk 0:42:11]} 13. Qe2 {[%clk 1:10:28]} Nd7
{[%clk 0:26:00]} 14. e4 {[%clk 1:05:09]} Rc8 {[%clk 0:24:23]} 15. e5
{[%clk 0:40:30]} cxd4 {[%clk 0:19:54]} 16. Qe4 {[%clk 0:30:37]} g6
{[%clk 0:19:56]} 17. cxd4 {[%clk 0:28:32]} dxe5 {[%clk 0:15:25]} 18. Rfd1
{[%clk 0:27:28]} Bxc4 {[%clk 0:12:08]} 19. Bxc4 {[%clk 0:23:35]} Nxc4
{[%clk 0:12:33]} 20. Bc1 {[%clk 0:23:47]} f5 {[%clk 0:10:09]} 21. Qe2
{[%clk 0:23:44]} Nf6 {[%clk 0:09:44]} 22. dxe5 {[%clk 0:23:16]} Nd5
{[%clk 0:10:08]} 23. Bh6 {[%clk 0:20:44]} Re8 {[%clk 0:07:49]} 24. Rac1
{[%clk 0:19:53]} b5 {[%clk 0:08:11]} 25. a4 {[%clk 0:19:25]} a6 {[%clk 0:08:33]}
26. axb5 {[%clk 0:10:13]} axb5 {[%clk 0:08:58]} 27. Nf1 {[%clk 0:07:29]} Qh4
{[%clk 0:06:54]} 28. Be3 {[%clk 0:07:02]} Ncxe3 {[%clk 0:05:55]} 29. Rxc8
{[%clk 0:03:25]} Rxc8 {[%clk 0:06:21]} 30. Nxe3 {[%clk 0:03:48]} Nc3
{[%clk 0:06:31]} 31. Qc2 {[%clk 0:03:49]} Qa4 {[%clk 0:06:48]} 32. Qxa4
{[%clk 0:01:32]} bxa4 {[%clk 0:07:10]} 33. Rd6 {[%clk 0:01:29]} a3
{[%clk 0:06:12]} 34. Ra6 {[%clk 0:01:03]} a2 {[%clk 0:05:52]} 35. Ra3
{[%clk 0:01:30]} Rb8 {[%clk 0:05:30]} 36. Nc2 {[%clk 0:01:50]} Rb2
{[%clk 0:04:38]} 37. Rxc3 {[%clk 0:01:47]} Rxc2 {[%clk 0:05:02]} 38. Rxc2
{[%clk 0:02:11]} a1=Q+ {[%clk 0:05:25]} 39. Kf2 {[%clk 0:02:34]} Qxe5
{[%clk 0:05:50]} 0-1

[Event "Asian Nations Cup"]
[Site "http://asianchess.com/live/mnations/anco/"]
[Date "2016.04.01"]
[Round "5"]
[Board "2"]
[White "Mohammad, Minhaz Uddin"]
[Black "Ismael, Namir Mohammed Ismael"]
[Result "1-0"]
[WhiteElo "2436"]
[BlackElo "2169"]
[PlyCount "0"]
[EventDate "2016.03.28"]
[EventType "team"]
[EventRounds "9"]
[EventCountry "UAE"]
[WhiteTeam "Bangladesh"]
[BlackTeam "Iraq"]

1. e4 {[%clk 1:30:57]} c5 {[%clk 1:30:47]} 2. Nf3 {[%clk 1:31:15]} Nc6
{[%clk 1:30:52]} 3. Bb5 {[%clk 1:31:35]} g6 {[%clk 1:30:56]} 4. O-O
{[%clk 1:31:52]} Bg7 {[%clk 1:31:13]} 5. Bxc6 {[%clk 1:32:13]} dxc6
{[%clk 1:30:30]} 6. h3 {[%clk 1:32:37]} Nf6 {[%clk 1:30:31]} 7. d3
{[%clk 1:32:09]} O-O {[%clk 1:29:04]} 8. Nc3 {[%clk 1:32:14]} e5 {[%clk 1:25:47]}
9. Nxe5 {[%clk 1:29:34]} Nxe4 {[%clk 1:24:41]} 10. Nxe4 {[%clk 1:29:59]} Bxe5
{[%clk 1:25:00]} 11. Nxc5 {[%clk 1:30:05]} b6 {[%clk 1:13:39]} 12. Nb3
{[%clk 1:26:25]} c5 {[%clk 1:07:48]} 13. Re1 {[%clk 1:21:47]} Qd5
{[%clk 1:04:41]} 14. c4 {[%clk 1:14:57]} Qd6 {[%clk 1:03:35]} 15. Bh6
{[%clk 1:12:38]} Re8 {[%clk 0:34:26]} 16. Bf4 {[%clk 1:00:27]} Bb7
{[%clk 0:34:05]} 17. Rxe5 {[%clk 0:53:18]} Rxe5 {[%clk 0:32:20]} 18. Bxe5
{[%clk 0:53:24]} Qxe5 {[%clk 0:32:40]} 19. Qd2 {[%clk 0:53:50]} Re8
{[%clk 0:26:10]} 20. Rd1 {[%clk 0:52:13]} Qh5 21. Nc1 {[%clk 0:44:57]} Re5
{[%clk 0:15:12]} 22. Kh2 {[%clk 0:34:29]} Qf5 {[%clk 0:08:59]} 23. f4
{[%clk 0:32:34]} Re8 {[%clk 0:07:35]} 24. Ne2 {[%clk 0:32:39]} Qe6
{[%clk 0:03:42]} 25. Ng3 {[%clk 0:32:24]} h5 {[%clk 0:02:51]} 26. Qf2
{[%clk 0:29:55]} h4 {[%clk 0:00:37]} 27. Nf1 {[%clk 0:29:16]} Qe2
{[%clk 0:00:50]} 28. Qxe2 {[%clk 0:27:04]} Rxe2 {[%clk 0:01:19]} 29. Rd2
{[%clk 0:27:24]} Re1 {[%clk 0:01:36]} 30. Kg1 {[%clk 0:27:50]} Ra1
{[%clk 0:01:31]} 31. a3 {[%clk 0:24:56]} Rb1 {[%clk 0:01:08]} 32. Kf2
{[%clk 0:25:14]} Kf8 {[%clk 0:01:29]} 33. Nh2 {[%clk 0:22:46]} Ke7
{[%clk 0:01:00]} 34. Ng4 {[%clk 0:21:09]} f5 {[%clk 0:00:38]} 35. Re2+
{[%clk 0:20:25]} Kf7 {[%clk 0:00:41]} 36. Ne5+ {[%clk 0:18:00]} Kg7
{[%clk 0:00:56]} 37. b4 {[%clk 0:17:35]} cxb4 {[%clk 0:00:37]} 38. axb4
{[%clk 0:18:03]} Rxb4 {[%clk 0:00:48]} 39. d4 {[%clk 0:18:25]} b5
{[%clk 0:00:38]} 40. Nd3 {[%clk 0:18:12]} Rxc4 {[%clk 0:00:39]} 41. Re7+
{[%clk 0:18:37]} Kf6 {[%clk 0:27:17]} 42. Rxb7 {[%clk 0:50:02]} Rxd4
{[%clk 0:27:23]} 43. Ke3 {[%clk 0:50:22]} Re4+ {[%clk 0:27:33]} 44. Kf3
{[%clk 0:50:32]} Rd4 {[%clk 0:19:49]} 45. Ne5 {[%clk 0:50:34]} g5
{[%clk 0:16:25]} 46. Nd7+ {[%clk 0:48:51]} Ke7 {[%clk 0:13:59]} 47. Nb8+
{[%clk 0:48:11]} Kf6 {[%clk 0:13:55]} 48. fxg5+ {[%clk 0:48:36]} Kxg5
{[%clk 0:14:19]} 49. Rxb5 {[%clk 0:48:10]} Rd3+ {[%clk 0:14:11]} 50. Kf2
{[%clk 0:48:03]} Rd2+ {[%clk 0:14:15]} 51. Kg1 {[%clk 0:43:34]} Rd1+
{[%clk 0:11:22]} 52. Kh2 {[%clk 0:43:43]} Rd6 {[%clk 0:11:34]} 53. Ra5
{[%clk 0:42:31]} Rb6 {[%clk 0:11:22]} 54. Nd7 {[%clk 0:42:55]} Rb7
{[%clk 0:11:40]} 55. Ne5 {[%clk 0:43:17]} Rc7 {[%clk 0:09:56]} 56. Nf3+
{[%clk 0:43:40]} Kf4 {[%clk 0:10:15]} 57. Nxh4 {[%clk 0:44:03]} Rf7
{[%clk 0:10:27]} 58. Nxf5 {[%clk 0:39:06]} Rxf5 {[%clk 0:09:06]} 59. Rxa7
{[%clk 0:39:13]} Rb5 {[%clk 0:08:46]} 60. Ra4+ {[%clk 0:39:28]} Kg5
{[%clk 0:08:43]} 61. h4+ {[%clk 0:39:31]} Kh5 {[%clk 0:08:16]} 62. Kh3
{[%clk 0:39:58]} Rb3+ {[%clk 0:08:14]} 63. g3 {[%clk 0:40:20]} Rc3
{[%clk 0:08:00]} 64. Ra5+ {[%clk 0:40:44]} Kh6 {[%clk 0:08:14]} 65. Rd5
{[%clk 0:38:58]} Rb3 {[%clk 0:06:23]} 66. Re5 {[%clk 0:39:20]} Rc3
{[%clk 0:06:10]} 67. Kg4 {[%clk 0:39:28]} Rc4+ {[%clk 0:06:29]} 68. Kf3
{[%clk 0:38:51]} Rc3+ {[%clk 0:06:21]} 69. Kf4 {[%clk 0:39:17]} Rc4+
{[%clk 0:06:06]} 70. Re4 {[%clk 0:39:45]} Rc1 {[%clk 0:05:56]} 71. Re6+
{[%clk 0:40:11]} Kh7 {[%clk 0:05:36]} 72. g4 {[%clk 0:40:35]} Rf1+
{[%clk 0:04:56]} 73. Kg5 {[%clk 0:41:01]} Rf7 {[%clk 0:05:07]} 74. h5
{[%clk 0:40:47]} Ra7 {[%clk 0:03:17]} 75. Kf6 {[%clk 0:40:34]} Kh6
{[%clk 0:02:15]} 76. Kf5+ {[%clk 0:40:38]} Kh7 {[%clk 0:02:34]} 77. g5
{[%clk 0:40:38]} Ra5+ {[%cl

[Event "Asian Nations Cup"]
[Site "http://asianchess.com/live/mnations/anco/"]
[Date "2016.04.01"]
[Round "5"]
[Board "3"]
[White "Boshra, Alshaeby"]
[Black "Asmar, Elie"]
[Result "1/2-1/2"]
[WhiteElo "2021"]
[BlackElo "2051"]
[PlyCount "0"]
[EventDate "2016.03.28"]
[EventType "team"]
[EventRounds "9"]
[EventCountry "UAE"]
[WhiteTeam "Jordan"]
[BlackTeam "Lebanon"]

1. d4 {[%clk 1:30:54]} Nf6 {[%clk 1:29:33]} 2. c4 {[%clk 1:31:20]} Nc6
{[%clk 1:27:27]} 3. Nf3 {[%clk 1:28:24]} e6 {[%clk 1:27:56]} 4. a3
{[%clk 1:27:21]} d6 {[%clk 1:28:20]} 5. Nc3 {[%clk 1:27:43]} g6 {[%clk 1:28:43]}
6. e4 {[%clk 1:27:51]} Bg7 {[%clk 1:29:02]} 7. Be2 {[%clk 1:23:29]} O-O
{[%clk 1:29:22]} 8. O-O {[%clk 1:23:28]} Re8 {[%clk 1:29:47]} 9. Be3
{[%clk 1:09:30]} e5 {[%clk 1:27:30]} 10. d5 {[%clk 1:09:12]} Nd4 {[%clk 1:27:04]}
11. Nxd4 {[%clk 1:07:15]} exd4 {[%clk 1:27:25]} 12. Bxd4 {[%clk 1:07:05]} Nxe4
{[%clk 1:27:24]} 13. Bxg7 {[%clk 1:03:46]} Kxg7 {[%clk 1:27:33]} 14. Nxe4
{[%clk 0:56:19]} Rxe4 {[%clk 1:27:51]} 15. Qc2 {[%clk 0:52:00]} Re8
{[%clk 1:25:14]} 16. Bf3 {[%clk 0:45:00]} Qf6 {[%clk 1:19:23]} 17. Rac1
{[%clk 0:41:50]} b6 {[%clk 1:11:31]} 18. b4 {[%clk 0:36:15]} Bf5 {[%clk 1:10:11]}
19. Qa4 {[%clk 0:36:00]} a5 {[%clk 1:07:31]} 20. Qb3 {[%clk 0:30:23]} axb4
{[%clk 1:02:27]} 21. axb4 {[%clk 0:30:32]} g5 {[%clk 0:54:32]} 22. g3
{[%clk 0:17:42]} g4 {[%clk 0:45:47]} 23. Bd1 {[%clk 0:14:40]} h5 {[%clk 0:42:59]}
24. Qc3 {[%clk 0:12:18]} Ra2 {[%clk 0:38:05]} 25. f3 {[%clk 0:07:21]} Qxc3
{[%clk 0:34:14]} 26. Rxc3 {[%clk 0:07:50]} Rd2 {[%clk 0:32:02]} 27. fxg4
{[%clk 0:03:15]} Bxg4 {[%clk 0:20:03]} 28. Bxg4 {[%clk 0:02:16]} hxg4
{[%clk 0:20:31]} 29. Rf2 {[%clk 0:01:13]} Re1+ {[%clk 0:19:13]} 30. Kg2
{[%clk 0:01:25]} Ree2 {[%clk 0:18:54]} 31. Rxe2 {[%clk 0:01:49]} Rxe2+
{[%clk 0:19:15]} 32. Kg1 {[%clk 0:02:15]} Rd2 {[%clk 0:18:40]} 33. Rc1
{[%clk 0:01:05]} f5 {[%clk 0:17:04]} 34. Rf1 {[%clk 0:01:23]} Kf6
{[%clk 0:17:20]} 35. Rf2 {[%clk 0:01:44]} Rd1+ {[%clk 0:15:16]} 36. Kg2
{[%clk 0:02:07]} Rc1 {[%clk 0:15:34]} 37. Rf4 {[%clk 0:01:24]} Ke5
{[%clk 0:16:01]} 38. h4 {[%clk 0:01:21]} gxh3+ {[%clk 0:15:42]} 39. Kxh3
{[%clk 0:01:49]} Rh1+ {[%clk 0:13:29]} 40. Kg2 {[%clk 0:02:14]} Re1
{[%clk 0:13:25]} 41. Kf3 {[%clk 0:01:05]} Rc1 {[%clk 0:03:56]} 42. b5
{[%clk 0:27:23]} Rc3+ {[%clk 0:33:46]} 43. Kf2 {[%clk 0:27:35]} Rd3
{[%clk 0:33:28]} 44. Rh4 {[%clk 0:25:05]} Rc3 {[%clk 0:31:22]} 45. Kg2
{[%clk 0:24:46]} Kf6 {[%clk 0:24:22]} 46. Kf2 {[%clk 0:24:27]} Kg5
{[%clk 0:23:53]} 47. Rd4 {[%clk 0:22:29]} Rc2+ {[%clk 0:23:01]} 48. Kf3
{[%clk 0:22:43]} Rc1 {[%clk 0:21:22]} 49. Kf2 {[%clk 0:22:20]} Rh1
{[%clk 0:21:12]} 50. Rf4 {[%clk 0:21:51]} Rh7 {[%clk 0:21:06]} 51. Kf3
{[%clk 0:21:27]} Rh2 {[%clk 0:19:33]} 52. Rd4 {[%clk 0:21:40]} Rh7
{[%clk 0:19:12]} 53. Rf4 {[%clk 0:21:52]} Rh2 {[%clk 0:19:36]} 54. Rd4
{[%clk 0:22:17]} Rh1 {[%clk 0:19:52]} 55. Ke4 1/2-1/2

[Event "Asian Nations Cup"]
[Site "http://asianchess.com/live/mnations/anco/"]
[Date "2016.04.01"]
[Round "5"]
[Board "2"]
[White "Al Azmi, Khalaf"]
[Black "Salim, Issa Ali Shamas"]
[Result "0-1"]
[WhiteElo "1842"]
[BlackElo "2026"]
[PlyCount "0"]
[EventDate "2016.03.28"]
[EventType "team"]
[EventRounds "9"]
[EventCountry "UAE"]
[WhiteTeam "Kuwait"]
[BlackTeam "Oman"]

1. e4 {[%clk 1:30:51]} e5 {[%clk 1:30:32]} 2. Nf3 {[%clk 1:30:48]} Nc6
{[%clk 1:30:26]} 3. Bc4 {[%clk 1:30:47]} Bc5 {[%clk 1:29:48]} 4. c3
{[%clk 1:30:24]} Nf6 {[%clk 1:28:53]} 5. d4 {[%clk 1:28:50]} exd4
{[%clk 1:28:48]} 6. cxd4 {[%clk 1:28:25]} Bb4+ {[%clk 1:28:54]} 7. Bd2
{[%clk 1:25:49]} O-O {[%clk 1:28:11]} 8. Bxb4 {[%clk 1:21:53]} Nxb4
{[%clk 1:28:08]} 9. e5 {[%clk 1:20:05]} d5 {[%clk 1:27:41]} 10. Bb3
{[%clk 1:16:17]} Ng4 {[%clk 1:27:26]} 11. Nc3 {[%clk 1:15:40]} Bf5
{[%clk 1:26:47]} 12. O-O {[%clk 1:14:51]} c6 {[%clk 1:26:49]} 13. Ne1
{[%clk 1:13:59]} Qh4 {[%clk 1:26:03]} 14. h3 {[%clk 1:12:32]} Nh6
{[%clk 1:26:09]} 15. a3 {[%clk 1:10:57]} Na6 {[%clk 1:26:23]} 16. Nf3
{[%clk 1:09:25]} Qe7 {[%clk 1:26:16]} 17. Re1 {[%clk 1:07:17]} Bg6
{[%clk 1:26:10]} 18. Ne2 {[%clk 1:06:43]} Nf5 {[%clk 1:25:47]} 19. Nf4
{[%clk 1:06:28]} Nc7 {[%clk 1:24:57]} 20. Nxg6 {[%clk 1:06:07]} fxg6
{[%clk 1:24:47]} 21. Qd2 {[%clk 1:03:47]} Ne6 {[%clk 1:24:40]} 22. Bc2
{[%clk 0:59:58]} Nh4 {[%clk 1:24:20]} 23. Nxh4 {[%clk 0:57:47]} Qxh4
{[%clk 1:24:41]} 24. Rad1 {[%clk 0:57:18]} Rf7 {[%clk 1:24:47]} 25. Qe3
{[%clk 0:50:44]} Raf8 {[%clk 1:24:47]} 26. Rd2 {[%clk 0:48:45]} Ng5
{[%clk 1:22:19]} 27. Qg3 {[%clk 0:44:29]} Qh6 {[%clk 1:21:23]} 28. Rde2
{[%clk 0:43:21]} Ne6 {[%clk 1:18:35]} 29. Rd1 {[%clk 0:39:50]} Rf4
{[%clk 1:18:36]} 30. Qe3 {[%clk 0:37:44]} Qg5 {[%clk 1:17:54]} 31. g3
{[%clk 0:37:20]} R4f7 {[%clk 1:17:25]} 32. Qxg5 {[%clk 0:35:39]} Nxg5
{[%clk 1:17:36]} 33. Kg2 {[%clk 0:34:21]} Ne6 {[%clk 1:17:40]} 34. f4
{[%clk 0:34:10]} Rc8 {[%clk 1:09:12]} 35. Rf2 {[%clk 0:33:12]} Rcf8
{[%clk 1:08:59]} 36. h4 {[%clk 0:32:51]} a5 {[%clk 1:08:35]} 37. Kf3
{[%clk 0:30:04]} Nxf4 {[%clk 1:07:10]} 38. Ke3 {[%clk 0:27:14]} Ne6
{[%clk 1:06:40]} 39. Rxf7 {[%clk 0:27:33]} Rxf7 {[%clk 1:06:54]} 40. a4
{[%clk 0:25:26]} g5 {[%clk 1:07:01]} 41. h5 {[%clk 0:23:02]} g4 {[%clk 1:07:10]}
42. Rd3 {[%clk 0:21:14]} Rf3+ {[%clk 1:05:48]} 43. Ke2 {[%clk 0:20:46]} Rxd3
{[%clk 1:06:03]} 44. Kxd3 {[%clk 0:21:10]} g6 {[%clk 1:04:37]} 45. hxg6
{[%clk 0:21:04]} h5 {[%clk 1:04:39]} 46. Ke3 {[%clk 0:20:50]} Kg7
{[%clk 1:04:31]} 47. Bf5 {[%clk 0:19:32]} Nf8 {[%clk 1:01:18]} 48. Bc8
{[%clk 0:08:58]} b6 {[%clk 0:59:51]} 49. Bb7 {[%clk 0:08:20]} Nxg6
{[%clk 1:00:07]} 50. Bxc6 {[%clk 0:07:43]} Ne7 {[%clk 1:00:15]} 51. Be8
{[%clk 0:04:46]} h4 {[%clk 0:57:56]} 52. Bd7 {[%clk 0:02:22]} hxg3
{[%clk 0:57:55]} 53. Bxg4 {[%clk 0:02:12]} Kg6 {[%clk 0:58:15]} 54. Bd7
{[%clk 0:29:06]} Kg5 {[%clk 1:29:01]} 55. Kf3 {[%clk 0:28:07]} g2
{[%clk 1:28:48]} 56. Kxg2 {[%clk 0:28:17]} Kf4 {[%clk 1:29:10]} 57. Kf2
{[%clk 0:25:52]} Ke4 {[%clk 1:29:21]} 58. Ke2 {[%clk 0:26:12]} Kxd4
{[%clk 1:27:34]} 59. e6 {[%clk 0:25:04]} Ke5 {[%clk 1:27:02]} 60. Kd3
{[%clk 0:23:55]} Kd6 {[%clk 1:27:13]} 61. Kc3 {[%clk 0:22:51]} Nf5
{[%clk 1:27:10]} 62. b4 {[%clk 0:22:31]} Ng7 {[%clk 1:27:18]} 63. bxa5
{[%clk 0:21:34]} bxa5 {[%clk 1:27:35]} 64. Bb5 {[%clk 0:20:08]} Nxe6
{[%clk 1:27:42]} 65. Bf1 {[%clk 0:19:29]} Kc5 {[%clk 1:27:55]} 66. Bb5
{[%clk 0:18:46]} Nd4 {[%clk 1:27:46]} 67. Bf1 {[%clk 0:18:04]} Nc6
{[%clk 1:27:58]} 68. Bb5 {[%clk 0:17:24]} Nb4 {[%clk 1:28:16]} 69. Bf1
{[%clk 0:16:16]} d4+ {[%clk 1:28:34]} 70. Kb3 {[%clk 0:16:21]} Nd5
{[%clk 1:28:04]} 71. Bb5 {[%clk 0:15:50]} Ne3 {[%clk 1:28:20]} 72. Bd3
{[%clk 0:14:49]} Kd5 {[%clk 1:28:34]} 73. Bh7 {[%clk 0:13:34]} Ke5
{[%clk 1:28:34]} 74. Kb2 {[%clk 0:12:42]} Nc4+ {[%clk 1:28:43]} 75. Kb3
{[%clk 0:12:58]} Nb6 {[%clk 1:28:57]} 76. Bd3 {[%clk 0:12:39]} Kf4
{[%clk 1:29:03]} 77. Bb5 {[%clk 0:11:57]} Ke3 {[%clk 1:29:22]} 78. K

[Event "Asian Nations Cup"]
[Site "http://asianchess.com/live/mnations/anco/"]
[Date "2016.04.01"]
[Round "5"]
[Board "1"]
[White "Snoper, Rafat"]
[Black "Mansour, Abbas"]
[Result "1-0"]
[WhiteElo "1890"]
[BlackElo "1818"]
[PlyCount "0"]
[EventDate "2016.03.28"]
[EventType "team"]
[EventRounds "9"]
[EventCountry "UAE"]
[WhiteTeam "Palestine"]
[BlackTeam "UAE 3"]

1. d4 {[%clk 1:30:57]} Nf6 {[%clk 1:30:28]} 2. c4 {[%clk 1:31:03]} e6
{[%clk 1:30:57]} 3. Nc3 {[%clk 1:30:52]} Bb4 {[%clk 1:31:21]} 4. h4
{[%clk 1:30:21]} b6 {[%clk 1:31:35]} 5. Bg5 {[%clk 1:30:08]} h6 {[%clk 1:31:58]}
6. Bf4 {[%clk 1:29:34]} Bb7 {[%clk 1:32:18]} 7. e3 {[%clk 1:28:27]} O-O
{[%clk 1:32:35]} 8. f3 {[%clk 1:27:37]} Nh5 {[%clk 1:28:17]} 9. Nge2
{[%clk 1:23:34]} d5 {[%clk 1:28:26]} 10. g4 {[%clk 1:23:24]} Nxf4
{[%clk 1:27:29]} 11. Nxf4 {[%clk 1:23:05]} Be7 {[%clk 1:26:50]} 12. g5
{[%clk 1:23:05]} c6 {[%clk 1:18:10]} 13. Qc2 {[%clk 1:21:37]} Na6
{[%clk 1:14:48]} 14. O-O-O {[%clk 1:16:46]} Qd6 {[%clk 0:41:53]} 15. gxh6
{[%clk 1:09:25]} gxh6 {[%clk 0:38:32]} 16. Rg1+ {[%clk 1:04:43]} Kh8
{[%clk 0:38:59]} 17. Ng6+ {[%clk 1:04:24]} fxg6 {[%clk 0:38:25]} 18. Qxg6
{[%clk 1:04:48]} Bg5 {[%clk 0:38:46]} 19. hxg5 {[%clk 1:03:15]} Qe7
{[%clk 0:38:13]} 20. Rh1 {[%clk 0:59:19]} Rf7 {[%clk 0:35:08]} 21. Bd3
{[%clk 0:57:34]} Rg7 {[%clk 0:35:04]} 22. Qxh6+ {[%clk 0:56:15]} Kg8 23. Qh8+
{[%clk 0:55:38]} Kf7 {[%clk 0:36:02]} 24. g6+ {[%clk 0:55:18]} Rxg6
{[%clk 0:35:11]} 25. Rh7+ {[%clk 0:55:15]} Ke8 1-0